000 00861nam a2200253Ia 4500
003 OSt
005 20220928134227.0
006 a|||||r|||| 00| 0
007 ta
008 220927b |||||||| |||| 00| 0 eng d
020 _c1200
024 _a111309
037 _b1384, 04/03/2011, Kiran Book Service
_cTextual
040 _aSDCL
_cSDCL
_beng
041 _2eng
_aeng
082 _aR:(A), P2.10-1
100 _aChatopadhyaya D P
_9487009
245 0 _aHistory of science, philosophy and culture in Indian civilization.Vol 10 Part 1.
260 _aNew Delhi
_bPHISPC
_c2006
490 _vV10/1:Developments in India philosophy from eighteenth century onwards......,xxiii,416p.
650 _aSanskrit
_9391587
942 _hR:(A), P2.10-1
_cTEXL
_2CC
999 _c801590
_d801590